Applied mechanics (Record no. 5283)

MARC details
000 -LEADER
fixed length control field 00290nam a2200121Ia 4500
008 - FIXED-LENGTH DATA ELEMENTS--GENERAL INFORMATION
fixed length control field 150201s2011 xx 000 0 und d
082 ## - DEWEY DECIMAL CLASSIFICATION NUMBER
Classification number 620.1
Item number KUM
100 ## - MAIN ENTRY--PERSONAL NAME
Personal name Kumar,Ranjan
245 ## - TITLE STATEMENT
Title Applied mechanics
260 ## - PUBLICATION, DISTRIBUTION, ETC. (IMPRINT)
Name of publisher, distributor, etc. AITBS Publications
Place of publication, distribution, etc. Delhi
Date of publication, distribution, etc. 2011
300 ## - PHYSICAL DESCRIPTION
Extent 382p.
942 ## - ADDED ENTRY ELEMENTS (KOHA)
Source of classification or shelving scheme Dewey Decimal Classification
Koha item type Books
Holdings
Withdrawn status Lost status Source of classification or shelving scheme Damaged status Not for loan Home library Current library Date acquired SGTU Total Checkouts Full call number Barcode Date last seen Bill Date Koha item type Collection code Shelving location Source of acquisition Cost, normal purchase price
    Dewey Decimal Classification     SGT Engineering Library SGT Engineering Library 02/07/2011 SGTU   620.1 KUM FE3754 09/02/2015 09/02/2015 Books        
    Dewey Decimal Classification     SGT Engineering Library SGT Engineering Library 02/07/2011 SGTU   620.1 KUM FE3755 09/02/2015 09/02/2015 Books        
    Dewey Decimal Classification     SGT Engineering Library SGT Engineering Library 02/07/2011 SGTU   620.1 KUM FE3756 09/02/2015 09/02/2015 Books        
    Dewey Decimal Classification     SGT Engineering Library SGT Engineering Library 02/07/2011 SGTU   620.1 KUM FE3757 09/02/2015 09/02/2015 Books        
    Dewey Decimal Classification     SGT Engineering Library SGT Engineering Library 29/05/2018 SGTU   620.1 KUM FE3753 29/05/2018 29/05/2018 Books ENGINEERING Text Book UBS 250.00